Tilastot visalle Zimbabwe-visa

Klikkaa tästä pelataksesi tätä visaa!

Yleistilastot

  • Tätä visaa on pelattu 177 kertaa
  • Keskiarvotulos 10 / 18

Vastaustilastot

VihjeVastaus% Oikein
Siirtomaa-aikainen emämaaYhdistynyt kuningaskunta
94%
Zimbabwen naapurimaatMosambik
91%
Zimbabwen naapurimaatSambia
91%
Zimbabwen naapurimaatBotswana
90%
Zimbabwen naapurimaatEtelä-Afrikka
90%
PääkaupunkiHarare
79%
Zimbabwen entinen nimiEtelä-Rhodesia
68%
Suuri vesiputous tuossa joessa{Victorian} putoukset
67%
Joki, joka muodostaa pohjoisen rajanSambesi
57%
Zimbabwen diktaattori vuosina 1980–2017Robert Mugabe
56%
Joki, joka muodostaa eteläisen rajanLimpopo
38%
1000-luvulla rakennettu ja 1400-luvulla hylätty muinainen kaupunki{Suur}-Zimbabwe
38%
KansallissymboliZimbabwen {lintu}
38%
Puhutuin äidinkieliŠona
35%
Toiseksi puhutuin äidinkieliPohjois-ndebele
30%
Toiseksi väkirikkain kaupunkiBulawayo
29%
Presidentti vuodesta 2017 lähtienEmmerson Mnangagwa
28%
Muinainen valtio, joka hallitsi suurta osaa Zimbabwesta ja
lähialueista 1450-luvulta 1760-luvulle
Mwene Mutapa
24%

Tulosjakauma

Persentiili vastausten määrän mukaan

Jokaisen tuloksen saaneiden osuus

Tuloshistoriasi

Et ole pelannut tätä visaa